| 000 | 00387nam a22001697a 4500 | ||
|---|---|---|---|
| 003 | OSt | ||
| 008 | 220609b ||||| |||| 00| 0 eng d | ||
| 082 | _a005.1 DEP | ||
| 100 | _aDEEPA, S.N. | ||
| 245 | _aPrinciples of Soft Computing | ||
| 250 | _a3nd | ||
| 260 |
_aNew Delhi _bWiley _c2021 |
||
| 300 | _a760 | ||
| 650 | _aB.Tech(CSE) | ||
| 700 | _aSivanandam,S.N. | ||
| 942 |
_2ddc _cBK |
||
| 999 |
_c11286 _d11286 |
||